000 00596nam a2200229Ia 4500
003 OSt
005 20221007075333.0
006 a|||||r|||| 00| 0
007 ta
008 221006b |||||||| |||| 00| 0 eng d
024 _a25,633
037 _cTextual
040 _aFLL
_cFLL
_beng
041 _2eng
_aeng
082 _aZ1A:1, H6
100 _aSetalvad M.C.
245 0 _aWar and civil liberties
260 _aNew Delhi
_bIndian Council of World Affairs India
_c1946
300 _a1-86p
_ccm.
942 _hZ1A:1, H6
_cTEXL
_2CC
999 _c1155684
_d1155684